00997nam a22001697a 45000010005000000030006000050050017000110080041000280400029000690820011000981000019001092450089001282600046002173000049002635200478003127000037007909537FISKH20260120112225.0260120b cb ||||| |||| 00| 0 eng d aFISKHbengcFISKHdFISKH a268.37 aHull , Eleanor aThrough the secret door / cwritten by Eleanor Hull : illustrated by Gilbert Riswold aBoston : bUnited Church Press , c1963 . a96 pages : bcolor illustrations ;c21 cm .  aThe story follows a young boy who discovers a mysterious secret door in his house. When he steps through it, he enters a magical and mysterious world that challenges his courage and curiosity. As he explores, he learns lessons about bravery, imagination, and self-discovery, encountering strange characters and unexpected adventures along the way. The book combines elements of fantasy and coming-of-age, making it both entertaining and thought-provoking for young readers. aRiswold , Gilbert eIllustrator